[Event "Gibraltar Masters"]
[Site "Caleta ENG"]
[Date "2011.01.27"]
[Round "3.38"]
[White "Bellaiche, Anthony"]
[Black "Spence, David J"]
[Result "1/2-1/2"]
[WhiteTitle "IM"]
[WhiteElo "2458"]
[BlackElo "2231"]
[WhiteFideId "615668"]
[BlackFideId "407429"]
[EventDate "2011.01.25"]
[EventType "swiss"]

1. d4 e6 2. c4 Nf6 3. Nc3 Bb4 4. e3 c5 5. Bd3 d5 6. Nf3 O-O 7. O-O Bxc3 8. bxc3
Nbd7 9. Bb2 b6 10. cxd5 exd5 11. c4 cxd4 12. exd4 Ba6 13. Nd2 Rc8 14. Rc1 Nb8
15. Re1 Re8 16. Rxe8+ Qxe8 17. Bf5 Rc7 18. c5 Qb5 19. Rb1 Qe2 20. Qxe2 Bxe2 21.
Ba3 b5 22. Re1 Bc4 23. Nxc4 bxc4 24. f3 Nc6 25. Bb2 g6 26. Bc2 Nb4 27. Bb1 Nh5
28. Bc3 Nc6 29. Re8+ Kg7 30. g3 Nf6 31. Re1 Re7 32. Rxe7 Nxe7 33. Bc2 Nd7 34. g4
Nb8 35. Kf2 Nbc6 36. Ke3 Kf6 37. h4 Ke6 38. a3 a6 39. Kf4 Na7 40. a4 Nac6 41. h5
Kf6 42. a5 Na7 43. Be1 Nec6 44. Ba4 Ke6 45. Bc3 1/2-1/2

[Event "Gibraltar Masters"]
[Site "Caleta ENG"]
[Date "2011.01.27"]
[Round "3.39"]
[White "Fernandez Romero, Ernesto"]
[Black "Dougherty, Michael"]
[Result "1-0"]
[WhiteTitle "IM"]
[BlackTitle "FM"]
[WhiteElo "2453"]
[BlackElo "2183"]
[WhiteFideId "2214679"]
[BlackFideId "2601559"]
[EventDate "2011.01.25"]
[EventType "swiss"]

1. e4 g6 2. d4 Bg7 3. Nf3 d6 4. Bc4 c6 5. O-O Nf6 6. Qe2 O-O 7. e5 Nd5 8. Re1
dxe5 9. Nxe5 Be6 10. c3 Nd7 11. Nf3 N7f6 12. Bb3 Qc7 13. c4 Nf4 14. Qf1 N6h5 15.
Nc3 Bf5 16. Bxf4 Nxf4 17. Rad1 Rad8 18. h3 Rfe8 19. Re3 e5 20. dxe5 Rxd1 21.
Qxd1 Bxe5 22. Nxe5 Rxe5 23. Qd4 Rxe3 24. Qxe3 b6 25. Bd1 Qd6 26. Bf3 Kg7 27. h4
h5 28. Bxc6 Nh3+ 29. gxh3 Qxc6 30. Qd4+ Qf6 31. Qxf6+ Kxf6 32. Nb5 a5 33. Kg2
Ke5 34. Kg3 Bd3 35. b3 a4 36. f4+ Kf6 37. Nc3 axb3 38. axb3 Ke6 39. Nd5 Bc2 40.
b4 b5 41. Nc7+ 1-0

[Event "Gibraltar Masters"]
[Site "Caleta ENG"]
[Date "2011.01.27"]
[Round "3.40"]
[White "Zygouris, Hristos"]
[Black "Melia, Salome"]
[Result "0-1"]
[BlackTitle "IM"]
[WhiteElo "2215"]
[BlackElo "2449"]
[WhiteFideId "4200292"]
[BlackFideId "13602446"]
[EventDate "2011.01.25"]
[EventType "swiss"]

1. c4 e5 2. g3 Nc6 3. Nc3 g6 4. Bg2 Bg7 5. e4 d6 6. Nge2 h5 7. h4 Nh6 8. d3 Be6
9. Nd5 O-O 10. O-O f5 11. Bg5 Qd7 12. Qd2 Kh7 13. Rae1 Nd8 14. f4 Ng4 15. b3 Nc6
16. exf5 Bxf5 17. fxe5 dxe5 18. Nec3 Nd4 19. Ne3 Bxd3 20. Rxf8 Rxf8 21. Ncd5 e4
22. Nf4 Ne5 0-1

[Event "Gibraltar Masters"]
[Site "Caleta ENG"]
[Date "2011.01.27"]
[Round "3.42"]
[White "Tscharotschkin, Michael"]
[Black "Battaglini, Gabriel"]
[Result "1/2-1/2"]
[BlackTitle "IM"]
[WhiteElo "2181"]
[BlackElo "2437"]
[WhiteFideId "4619510"]
[BlackFideId "621650"]
[EventDate "2011.01.25"]
[EventType "swiss"]

1. e4 e6 2. d4 d5 3. Nd2 Nf6 4. e5 Nfd7 5. Bd3 c5 6. c3 Nc6 7. Ne2 cxd4 8. cxd4
f6 9. exf6 Nxf6 10. Nf3 Bd6 11. O-O Qb6 12. Nc3 O-O 13. Bg5 h6 14. Bh4 g5 15.
Bg3 Bxg3 16. hxg3 Qxb2 17. Nb5 Qb4 18. Ne5 a6 19. Rb1 Qa5 20. Nd6 Qc7 21. Nxc8
Raxc8 22. Nxc6 Qxc6 23. Qe2 b5 24. a4 bxa4 25. Bxa6 Rcd8 26. Bb5 Qd6 27. Bxa4
Ne4 28. Bc2 Rf6 29. Bxe4 dxe4 30. Rbd1 Qd5 31. Rfe1 Rdf8 32. Qxe4 1/2-1/2

[Event "Gibraltar Masters"]
[Site "Caleta ENG"]
[Date "2011.01.27"]
[Round "3.43"]
[White "Mullon, Jean-Baptiste"]
[Black "Arnott, Jonathan W"]
[Result "1-0"]
[WhiteTitle "IM"]
[WhiteElo "2420"]
[BlackElo "2176"]
[WhiteFideId "613606"]
[BlackFideId "408077"]
[EventDate "2011.01.25"]
[EventType "swiss"]

1. e4 e6 2. d4 d5 3. Nc3 Nf6 4. e5 Nfd7 5. f4 c5 6. Nf3 Nc6 7. Be3 Be7 8. Qd2 a6
9. Be2 b5 10. O-O O-O 11. Nd1 cxd4 12. Nxd4 Nxd4 13. Bxd4 Bc5 14. c3 f6 15. exf6
Qxf6 16. Ne3 Bxd4 17. cxd4 Nb6 18. b3 Bb7 19. Ng4 Qe7 20. Qe3 Nc8 21. Bd3 Nd6
22. Rae1 Rae8 23. Re2 Qh4 24. Ne5 Nf5 25. Bxf5 exf5 26. Rc1 Re7 27. Qf2 Qf6 28.
Rec2 Qb6 29. Rc5 Rfe8 30. b4 Qe6 31. R1c3 h6 32. h3 Kh7 33. Kh2 Qf6 34. Rg3 g5
35. Rcc3 Rg7 36. Rcf3 g4 37. hxg4 fxg4 38. Rxg4 Rxg4 39. Nxg4 Qg7 40. Qh4 Re6
41. f5 Qc7+ 42. Rg3 Rc6 43. Nf6+ 1-0

[Event "Gibraltar Masters"]
[Site "Caleta ENG"]
[Date "2011.01.27"]
[Round "3.44"]
[White "Nezad, Husein Aziz"]
[Black "Seyfried, Claus"]
[Result "1-0"]
[WhiteTitle "IM"]
[WhiteElo "2420"]
[BlackElo "2173"]
[WhiteFideId "12100293"]
[BlackFideId "1271085"]
[EventDate "2011.01.25"]
[EventType "swiss"]

1. d4 d5 2. c4 e6 3. Nc3 c6 4. e4 dxe4 5. Nxe4 Bb4+ 6. Bd2 Qxd4 7. Bxb4 Qxe4+ 8.
Be2 Na6 9. Ba5 Bd7 10. Nf3 Nf6 11. O-O O-O 12. Bd3 Qf4 13. Qe2 Rfe8 14. Ne5 Nc5
15. Rad1 b6 16. Bd2 Qd4 17. Bc3 Qf4 18. Bc2 Bc8 19. Rd4 Qh6 20. Nf3 e5 21. Rh4
Nh5 22. Bd2 Qxd2 1-0

[Event "Gibraltar Masters"]
[Site "Caleta ENG"]
[Date "2011.01.27"]
[Round "3.45"]
[White "Vaarala, Eric"]
[Black "Slavin, Alexei"]
[Result "1-0"]
[BlackTitle "IM"]
[WhiteElo "2152"]
[BlackElo "2417"]
[WhiteFideId "1711962"]
[BlackFideId "24104388"]
[EventDate "2011.01.25"]
[EventType "swiss"]

1. e4 c5 2. Nf3 d6 3. d4 cxd4 4. Nxd4 Nf6 5. Nc3 Nc6 6. f3 a6 7. Be3 e6 8. Qd2
Be7 9. g4 Nxd4 10. Bxd4 b5 11. Be2 Bb7 12. a4 e5 13. Bf2 b4 14. Nd5 Nxd5 15.
exd5 O-O 16. a5 Bh4 17. O-O Bxf2+ 18. Rxf2 Rb8 19. Qxb4 Bxd5 20. Qd2 Bb7 21. c4
f5 22. gxf5 Rxf5 23. Rd1 Qh4 24. Qxd6 Rbf8 25. c5 Rg5+ 26. Kf1 Rg6 27. Qxe5 Kh8
28. Rd6 Qh3+ 29. Ke1 Rg1+ 30. Kd2 Qh4 31. Qd4 Qg5+ 32. f4 Qh4 33. c6 Bc8 34. c7
Rg6 35. Rd8 Qe7 36. Bd3 Re6 37. Rg2 1-0

[Event "Gibraltar Masters"]
[Site "Caleta ENG"]
[Date "2011.01.27"]
[Round "3.46"]
[White "Stokke, Kjetil"]
[Black "Lipecki, Alexander"]
[Result "1/2-1/2"]
[WhiteTitle "FM"]
[WhiteElo "2413"]
[BlackElo "2126"]
[WhiteFideId "1502964"]
[BlackFideId "1303511"]
[EventDate "2011.01.25"]
[EventType "swiss"]

1. Nf3 Nf6 2. c4 g6 3. Nc3 Bg7 4. e4 d6 5. d4 O-O 6. Be2 Bg4 7. Be3 Nc6 8. d5
Nb4 9. a3 Na6 10. Rc1 Nc5 11. h3 Bxf3 12. Bxf3 Ncd7 13. b4 a5 14. Qb3 axb4 15.
axb4 Ne8 16. O-O f5 17. exf5 gxf5 18. Ne2 Ne5 19. Bg5 Bf6 20. Bd2 Qd7 21. Nf4
Ng7 22. Bd1 Ng6 23. Re1 Be5 24. Nxg6 hxg6 25. f4 Bf6 26. c5 Qb5 27. Be2 Qa4 28.
Qc4 Qa2 29. Be3 Ra3 30. Bf2 Rfa8 31. cxd6 Qxc4 32. Rxc4 cxd6 33. Rc7 Rb8 34. b5
Ne8 35. Rc4 Kf7 36. Bf1 Bc3 37. Rc1 Ba5 38. Rb1 Nf6 39. Ba7 Ra8 40. b6 Ne4 41.
Rc2 Nc5 42. Bb5 Rd8 43. Kh2 1/2-1/2

[Event "Gibraltar Masters"]
[Site "Caleta ENG"]
[Date "2011.01.27"]
[Round "3.47"]
[White "Carlsten, Peter"]
[Black "Boskovic, Drasko"]
[Result "0-1"]
[BlackTitle "IM"]
[WhiteElo "2110"]
[BlackElo "2418"]
[WhiteFideId "1705067"]
[BlackFideId "927368"]
[EventDate "2011.01.25"]
[EventType "swiss"]

1. e4 c5 2. Nf3 Nc6 3. d4 cxd4 4. Nxd4 Qc7 5. Nc3 e6 6. Be2 a6 7. a3 Nf6 8. Be3
b5 9. O-O Bb7 10. f4 d6 11. Bf3 Be7 12. Qe1 O-O 13. Qg3 Rad8 14. f5 Nxd4 15.
Bxd4 e5 16. Be3 Kh8 17. Rad1 a5 18. Qf2 b4 19. axb4 axb4 20. Bb6 Qb8 21. Nd5
Bxd5 22. exd5 Rc8 23. Rd2 Bd8 24. Be3 Rc4 25. b3 Rc3 26. Rd3 Rxd3 27. cxd3 Qb5
28. d4 e4 29. Be2 Qxd5 30. Bc4 Qb7 31. Bg5 h6 32. Bxf6 Bxf6 33. d5 Qe7 34. Qe2
Bd4+ 35. Kh1 Qe5 36. Qg4 e3 37. Rf4 Bc5 38. Rf1 Ra8 39. Qe2 Bd4 40. Qc2 Qf6 41.
Qe4 Ra2 42. Qf3 Qh4 43. Qg3 Qxg3 44. hxg3 Bc3 0-1

[Event "Gibraltar Masters"]
[Site "Caleta ENG"]
[Date "2011.01.27"]
[Round "3.48"]
[White "Andersen, Mads"]
[Black "Dasaolu, Adeoye"]
[Result "1-0"]
[WhiteTitle "FM"]
[WhiteElo "2410"]
[BlackElo "2107"]
[WhiteFideId "1413864"]
[BlackFideId "416061"]
[EventDate "2011.01.25"]
[EventType "swiss"]

1. d4 Nf6 2. c4 e6 3. g3 d5 4. Nf3 dxc4 5. Bg2 c5 6. O-O Nc6 7. Qa4 Qb6 8. dxc5
Qxc5 9. Na3 Bd7 10. Qxc4 Rc8 11. Rd1 Qb6 12. Qh4 Be7 13. Nc4 Qb4 14. b3 Qb5 15.
Bg5 h6 16. Nd6+ Bxd6 17. Rxd6 Ke7 18. Bxf6+ gxf6 19. Rad1 Rc7 20. e4 Ne5 21. Nd4
Qc5 22. Nf5+ Kf8 23. Qxf6 Qxf2+ 24. Kh1 1-0

[Event "Gibraltar Masters"]
[Site "Caleta ENG"]
[Date "2011.01.27"]
[Round "3.49"]
[White "Tari, Aryan"]
[Black "Wohl, Aleksandar H."]
[Result "0-1"]
[BlackTitle "IM"]
[WhiteElo "2097"]
[BlackElo "2409"]
[WhiteFideId "1510045"]
[BlackFideId "3200345"]
[EventDate "2011.01.25"]
[EventType "swiss"]

1. e4 g6 2. d4 Bg7 3. Nf3 d6 4. Nc3 a6 5. a4 Nd7 6. Be3 e6 7. Bd3 Ne7 8. O-O h6
9. Qd2 b6 10. b4 Bb7 11. Rfe1 g5 12. h3 Ng6 13. Rad1 O-O 14. Ne2 f5 15. d5 f4
16. Bd4 e5 17. Bb2 h5 18. Nh2 Nf6 19. Kh1 g4 20. Ng1 Bh6 21. Qe2 Qd7 22. Bc1 f3
23. gxf3 Bxc1 24. Rxc1 Nf4 25. Qd2 Rf7 26. Ne2 Nxh3 27. Ng3 Nf4 28. Ne2 Nh3 29.
Ng3 Rh7 30. Bf1 Nf4 31. Ne2 Ng6 32. Bg2 Kh8 33. f4 Rf8 34. fxe5 dxe5 35. Qg5 Rg7
36. Ng3 h4 37. Nh5 Nxh5 38. Qxh5+ Kg8 39. Qxg4 Qd8 40. Qe6+ Kh8 41. Bf3 Rf6 42.
Qh3 Nf4 43. Qxh4+ Rh7 44. Qg5 Qd6 0-1

[Event "Gibraltar Masters"]
[Site "Caleta ENG"]
[Date "2011.01.27"]
[Round "3.50"]
[White "Navarrete Espi, Samuel"]
[Black "Thomassen, Joachim"]
[Result "0-1"]
[BlackTitle "IM"]
[WhiteElo "2095"]
[BlackElo "2404"]
[WhiteFideId "2237725"]
[BlackFideId "1504991"]
[EventDate "2011.01.25"]
[EventType "swiss"]

1. e4 c5 2. Nf3 d6 3. d4 cxd4 4. Nxd4 Nf6 5. Nc3 Nc6 6. Bg5 a6 7. Qd2 e6 8. f4
h6 9. Bh4 Nxe4 10. Nxe4 Qxh4+ 11. g3 Qe7 12. O-O-O d5 13. Nc3 Qb4 14. Nf3 Be7
15. a3 Qa5 16. Qe1 Bd7 17. Bg2 O-O-O 18. Ne5 Nxe5 19. Nxd5 Qxe1 20. Nxe7+ Kc7
21. Rhxe1 Ng4 22. f5 Nxh2 23. Rd4 exf5 24. Rc4+ Kb8 25. Rb4 b5 26. c4 Rhe8 27.
cxb5 axb5 28. a4 Kc7 29. axb5 Rb8 30. Nd5+ Kd8 31. Rd1 Ng4 32. b6 Re2 33. Bf1
Re6 34. b7 Nf2 35. Rd2 Re1+ 36. Kc2 Rxf1 37. Ne3 Re1 38. Nc4 Ne4 39. Rd5 Ke7 40.
Ne5 Be8 41. Nf3 Rf1 42. Nd4 Bd7 43. Re5+ Kd6 44. Ra5 Kc7 45. Rc5+ Nxc5 0-1

[Event "Gibraltar Masters"]
[Site "Caleta ENG"]
[Date "2011.01.27"]
[Round "3.52"]
[White "Bous, Florian"]
[Black "Bellin, Robert"]
[Result "0-1"]
[BlackTitle "IM"]
[WhiteElo "2088"]
[BlackElo "2367"]
[WhiteFideId "4660412"]
[BlackFideId "400343"]
[EventDate "2011.01.25"]
[EventType "swiss"]

1. d4 f5 2. g3 Nf6 3. Bg2 e6 4. c4 Be7 5. Nf3 c6 6. O-O O-O 7. Nbd2 d5 8. b3 Ne4
9. Bb2 Nd7 10. Qc2 a5 11. a3 Kh8 12. Ne1 Nxd2 13. Qxd2 a4 14. cxd5 cxd5 15. b4
Nb6 16. Nd3 Nc4 17. Qc2 Bd7 18. Ne5 Bb5 19. Nxc4 Bxc4 20. Rfe1 f4 21. Bc1 Bd6
22. Bf3 Qf6 23. Bb2 b5 24. Kg2 Rf7 25. g4 Qh4 26. h3 Raf8 27. Bc3 Bc7 28. Rh1
Bb6 29. Raf1 Rc7 30. Qd2 Bb3 31. e3 Rcf7 32. Re1 fxe3 33. Rxe3 e5 0-1

[Event "Gibraltar Masters"]
[Site "Caleta ENG"]
[Date "2011.01.27"]
[Round "3.53"]
[White "Cummings, David H."]
[Black "Schweizer, Manfred"]
[Result "1-0"]
[WhiteTitle "IM"]
[WhiteElo "2366"]
[BlackElo "2075"]
[WhiteFideId "2603578"]
[BlackFideId "4613317"]
[EventDate "2011.01.25"]
[EventType "swiss"]

1. c4 Nf6 2. Nc3 g6 3. g3 Bg7 4. Bg2 d6 5. e4 O-O 6. Nge2 e5 7. O-O c6 8. d3 a6
9. h3 b5 10. Be3 b4 11. Na4 c5 12. f4 Nc6 13. f5 Nd4 14. g4 Bd7 15. b3 Bxa4 16.
bxa4 Nd7 17. g5 f6 18. h4 Rb8 19. Ng3 Rf7 20. Bh3 Nf8 21. Rb1 Rfb7 22. Rb2 b3
23. axb3 Rxb3 24. Rxb3 Nxb3 25. h5 fxg5 26. fxg6 h6 27. Rf7 Nd4 28. Bxd4 1-0

[Event "Gibraltar Masters"]
[Site "Caleta ENG"]
[Date "2011.01.27"]
[Round "3.54"]
[White "Itkis, Hana"]
[Black "Jones, Richard S."]
[Result "0-1"]
[WhiteTitle "WFM"]
[BlackTitle "FM"]
[WhiteElo "2084"]
[BlackElo "2361"]
[WhiteFideId "2020190"]
[BlackFideId "1800833"]
[EventDate "2011.01.25"]
[EventType "swiss"]

1. c4 Nf6 2. Nc3 g6 3. g3 Bg7 4. Bg2 d6 5. d4 O-O 6. Nf3 Nbd7 7. O-O e5 8. e3
Re8 9. a4 a5 10. b3 Nb8 11. Bb2 exd4 12. exd4 Na6 13. Qd2 Bd7 14. Rfe1 Rxe1+ 15.
Rxe1 Qf8 16. Nb5 c6 17. Na3 b6 18. Ng5 d5 19. Nc2 h6 20. Nf3 Be6 21. Ne5 Qe8 22.
Qe2 Kh7 23. Ba3 Nd7 24. Ng4 h5 25. Nge3 Nf6 26. Qd3 Qd7 27. Rd1 Nc7 28. Ne1 Ng4
29. Nf3 Nxe3 30. fxe3 Bf5 31. Ng5+ Kg8 32. e4 dxe4 33. Bxe4 Bg4 34. Bf3 Rd8 35.
Bb2 c5 36. Rf1 Bf5 37. Be4 Qe7 38. Bxf5 Qxg5 39. Be4 Bxd4+ 40. Bxd4 Rxd4 41. Qf3
Qe7 42. Bd5 Nxd5 43. cxd5 Qd7 44. Rd1 Qf5 45. Qxf5 Rxd1+ 46. Qf1 Rxf1+ 47. Kxf1
Kf8 48. Ke2 Ke7 49. Kd3 Kd6 50. Kc4 g5 0-1

[Event "Gibraltar Masters"]
[Site "Caleta ENG"]
[Date "2011.01.27"]
[Round "3.55"]
[White "Karavade, Eesha"]
[Black "Hamer, Martyn"]
[Result "1-0"]
[WhiteTitle "IM"]
[WhiteElo "2353"]
[BlackElo "2041"]
[WhiteFideId "5012600"]
[BlackFideId "413160"]
[EventDate "2011.01.25"]
[EventType "swiss"]

1. d4 Nf6 2. c4 e6 3. Nc3 d5 4. cxd5 exd5 5. Bg5 Be7 6. Qc2 Nbd7 7. e3 O-O 8.
Bd3 Re8 9. Nge2 Nf8 10. O-O c6 11. f3 Be6 12. Rad1 Qa5 13. Kh1 Rad8 14. Bh4 Ng6
15. Bg3 Bd6 16. Bxd6 Rxd6 17. Qd2 Qd8 18. Ng3 Qd7 19. Rde1 Nh4 20. Qc2 g6 21. e4
dxe4 22. Ngxe4 Nxe4 23. Nxe4 Qd8 24. Nxd6 Qxd6 25. Qf2 Qd8 26. Re5 Nf5 27. Bxf5
Bxf5 28. Rfe1 Be6 29. d5 cxd5 30. Qxa7 Qc7 31. Qd4 Rc8 32. R5e3 Qa5 33. a3 Rc4
34. Qe5 Rc2 35. R3e2 Rc8 36. h3 Qb6 37. Rd1 Rc4 38. Red2 Qb3 39. Rd3 Qc2 40.
R1d2 Qc1+ 41. Kh2 Rc8 42. Re2 Qf1 43. Rc3 Rxc3 44. bxc3 Qa1 45. c4 Qxe5+ 46.
Rxe5 dxc4 47. Rb5 c3 48. Rxb7 c2 49. Rc7 Bb3 50. Kg3 Kf8 51. Kf2 Ke8 52. Ke3 Kd8
53. Rc3 Ba4 54. Kd2 Kd7 55. Rc4 Bb5 56. Rd4+ Ke6 57. Kxc2 Ke5 58. Kc3 Bf1 59.
f4+ Ke6 60. Rd2 Kf5 61. Rf2 Ba6 62. Kd4 h5 63. a4 h4 64. a5 f6 65. Rb2 Kxf4 66.
Rb6 Be2 67. Rxf6+ Kg5 68. a6 1-0

[Event "Gibraltar Masters"]
[Site "Caleta ENG"]
[Date "2011.01.27"]
[Round "3.56"]
[White "Fairbairn, Stephen"]
[Black "Illner, Achim, Dr."]
[Result "0-1"]
[BlackTitle "FM"]
[WhiteElo "2058"]
[BlackElo "2345"]
[WhiteFideId "2603985"]
[BlackFideId "4615840"]
[EventDate "2011.01.25"]
[EventType "swiss"]

1. c4 f5 2. g3 Nf6 3. Bg2 g6 4. Nc3 Bg7 5. d3 Nc6 6. e4 d6 7. Nge2 O-O 8. O-O e5
9. Bg5 h6 10. Be3 Be6 11. Nd5 Qd7 12. Nxf6+ Rxf6 13. Qd2 Kh7 14. exf5 gxf5 15.
Rac1 d5 16. d4 f4 17. gxf4 exd4 18. Nxd4 Nxd4 19. cxd5 Bxd5 20. Bxd4 Rg6 21. f3
Bxd4+ 22. Qxd4 Rxg2+ 23. Kxg2 Bxf3+ 24. Kxf3 Qxd4 25. Rxc7+ Kg6 26. Re1 Rf8 27.
Re6+ Kh5 0-1

[Event "Gibraltar Masters"]
[Site "Caleta ENG"]
[Date "2011.01.27"]
[Round "3.57"]
[White "Kantans, Toms"]
[Black "Obiamiwe, Paul"]
[Result "1-0"]
[WhiteTitle "FM"]
[WhiteElo "2342"]
[BlackElo "2015"]
[WhiteFideId "11602945"]
[BlackFideId "8500215"]
[EventDate "2011.01.25"]
[EventType "swiss"]

1. e4 e5 2. Nf3 Nc6 3. d4 exd4 4. Nxd4 Nf6 5. Nxc6 bxc6 6. e5 Qe7 7. Qe2 Nd5 8.
c4 Ba6 9. b3 g6 10. g3 Bg7 11. Bb2 O-O 12. Bg2 Rfe8 13. O-O Rab8 14. Re1 f6 15.
Qd2 Nb6 16. Qa5 Bc8 17. Nd2 fxe5 18. Qxa7 Bb7 19. a4 d5 20. a5 Nd7 21. a6 Ba8
22. Qxc7 Rec8 23. Qa5 Qc5 24. a7 Rb6 25. Qxc5 Nxc5 26. Bh3 Re8 27. Bd4 Nxb3 28.
Bxb6 Nxd2 29. Red1 Nxc4 30. Bc5 e4 31. Rab1 Be5 32. Rb4 Kf7 33. Bd7 Rd8 34. Rxc4
Rxd7 35. Rxe4 Bf6 36. Rb4 Bb7 37. Rxb7 1-0

[Event "Gibraltar Masters"]
[Site "Caleta ENG"]
[Date "2011.01.27"]
[Round "3.58"]
[White "Freuler, Roman"]
[Black "Iordachescu, Viorel"]
[Result "0-1"]
[BlackTitle "GM"]
[WhiteElo "2092"]
[BlackElo "2634"]
[WhiteFideId "1304283"]
[BlackFideId "13900200"]
[EventDate "2011.01.25"]
[EventType "swiss"]

1. e4 g6 2. d4 Bg7 3. Nc3 c6 4. Nf3 d6 5. Be2 Nf6 6. O-O O-O 7. a4 a5 8. Be3 Na6
9. h3 Nb4 10. Nd2 Ne8 11. Nc4 f5 12. d5 Nc7 13. Nb6 Rb8 14. Nxc8 Qxc8 15. Bb6
Ra8 16. Bc4 fxe4 17. dxc6+ Kh8 18. Bxc7 Qxc7 19. cxb7 Qxb7 20. Nd5 Rac8 21. Bb3
Nxd5 22. Bxd5 Qxb2 23. Ra2 Qc3 24. Bxe4 Bd4 25. Qd3 Rxf2 26. Rxf2 Qe1+ 27. Kh2
Bxf2 0-1

[Event "Gibraltar Masters"]
[Site "Caleta ENG"]
[Date "2011.01.27"]
[Round "3.59"]
[White "Montabord, Manuel"]
[Black "Jones, Gawain C B"]
[Result "0-1"]
[BlackTitle "GM"]
[WhiteElo "2063"]
[BlackElo "2593"]
[WhiteFideId "614386"]
[BlackFideId "409561"]
[EventDate "2011.01.25"]
[EventType "swiss"]

1. e4 c5 2. Nc3 Nc6 3. Bb5 Nd4 4. Bc4 Nf6 5. Nf3 e6 6. O-O a6 7. a3 d5 8. exd5
exd5 9. Be2 Nxe2+ 10. Qxe2+ Qe7 11. Qd1 d4 12. Re1 Be6 13. Ne2 Qc7 14. Ng3 Be7
15. d3 O-O 16. Ng5 Bg4 17. Qd2 Rfe8 18. h3 Bd7 19. Qd1 Bd6 20. N5e4 Nxe4 21.
Nxe4 Bf8 22. Bd2 f5 23. Ng5 h6 24. Nf3 Bc6 25. c3 dxc3 26. Rxe8 Rxe8 27. Bxc3
Qf7 28. d4 Rd8 29. Ne5 Qd5 30. Nxc6 bxc6 31. Qa4 cxd4 32. Rd1 c5 33. Qxa6 Qb3
34. Qf1 Rb8 35. Bd2 Qxb2 36. Bf4 Ra8 37. Qc4+ Kh8 38. Bc1 Qb7 39. Re1 Qd7 40.
Re5 Bd6 41. Re1 Ra4 42. Qc2 c4 43. Bxh6 gxh6 44. Qxa4 Qxa4 45. Re8+ Qxe8 0-1

[Event "Gibraltar Masters"]
[Site "Caleta ENG"]
[Date "2011.01.27"]
[Round "3.60"]
[White "Fier, Alexandr"]
[Black "Suez-Panama, Gilles"]
[Result "1-0"]
[WhiteTitle "GM"]
[WhiteElo "2571"]
[BlackElo "2096"]
[WhiteFideId "2107139"]
[BlackFideId "620165"]
[EventDate "2011.01.25"]
[EventType "swiss"]

1. e4 e6 2. d4 d5 3. Nd2 Nf6 4. e5 Nfd7 5. c3 c5 6. Bd3 Nc6 7. Ngf3 Qb6 8. O-O
cxd4 9. cxd4 Nxd4 10. Nxd4 Qxd4 11. Nf3 Qb6 12. Qa4 Qb4 13. Qc2 g6 14. Bd2 Qe7
15. Rac1 Qd8 16. Qa4 Bg7 17. Bb4 f6 18. Bd6 fxe5 19. Bb5 e4 20. Ne5 Bxe5 21.
Bxe5 Rf8 22. Rc7 Rf7 23. Bd6 a6 24. Rfc1 Rb8 25. Bxd7+ Bxd7 26. Qd4 Qf6 27. Qxf6
Rxf6 28. Rxd7 Kxd7 29. Bxb8 Rf5 30. Rc7+ Kd8 31. Rxh7 d4 32. Ba7 d3 33. Kf1 Rb5
34. b3 b6 35. Ke1 Rc5 36. Bxb6+ 1-0

[Event "Gibraltar Masters"]
[Site "Caleta ENG"]
[Date "2011.01.27"]
[Round "3.61"]
[White "Cabrera, Alexis"]
[Black "McKenna, Jason P"]
[Result "1-0"]
[WhiteTitle "GM"]
[WhiteElo "2518"]
[BlackElo "2062"]
[WhiteFideId "3502783"]
[BlackFideId "403857"]
[EventDate "2011.01.25"]
[EventType "swiss"]

1. c4 g6 2. Nc3 Bg7 3. d4 Nf6 4. e4 d6 5. Nge2 c6 6. f3 a6 7. c5 b5 8. cxd6 exd6
9. Be3 Nbd7 10. Nf4 Nb6 11. Be2 O-O 12. O-O Re8 13. Bf2 Bb7 14. Re1 Bh6 15. Nd3
Nc4 16. Bf1 Nd2 17. Qc2 Nxf1 18. Kxf1 Nh5 19. e5 dxe5 20. dxe5 Nf4 21. Rad1 Qg5
22. Be3 Qf5 23. g4 1-0

[Event "Gibraltar Masters"]
[Site "Caleta ENG"]
[Date "2011.01.27"]
[Round "3.62"]
[White "Scholzen, Wolfgang"]
[Black "Gaponenko, Inna"]
[Result "0-1"]
[BlackTitle "IM"]
[WhiteElo "2057"]
[BlackElo "2466"]
[WhiteFideId "24637629"]
[BlackFideId "14101181"]
[EventDate "2011.01.25"]
[EventType "swiss"]

1. e4 c5 2. Nf3 d6 3. d4 cxd4 4. Nxd4 Nf6 5. Nc3 g6 6. Be3 Bg7 7. f3 Nc6 8. Qd2
O-O 9. O-O-O Bd7 10. g4 Rc8 11. h4 Ne5 12. h5 Qa5 13. Kb1 Rxc3 14. Qxc3 Qxc3 15.
bxc3 Nxf3 16. h6 Bh8 17. Nxf3 Bxg4 18. Bg2 Nxe4 19. Bd4 e5 20. Rde1 Bxf3 21.
Bxf3 Nd2+ 22. Kc1 Nxf3 23. Re3 exd4 24. Rxf3 dxc3 25. Rh4 f5 26. Rc4 g5 27. Rc7
g4 28. Rg3 Be5 29. Rg2 g3 30. Rxg3+ Bxg3 31. Rg7+ Kh8 32. Rxg3 f4 33. Rf3 d5 34.
Kd1 d4 35. Rd3 f3 36. Ke1 Rf4 37. Kf2 Kg8 38. Rd1 Kf7 39. Rg1 Ke6 40. Rg7 Rf7
41. Rg4 d3 42. cxd3 Rc7 43. Rg1 c2 44. Rc1 Kd5 45. Kxf3 Kd4 46. Ke2 Kc3 0-1

[Event "Gibraltar Masters"]
[Site "Caleta ENG"]
[Date "2011.01.27"]
[Round "3.63"]
[White "Vernay, Clovis"]
[Black "Henderikse, Bert"]
[Result "1-0"]
[WhiteTitle "IM"]
[WhiteElo "2446"]
[BlackElo "2058"]
[WhiteFideId "633046"]
[BlackFideId "1012266"]
[EventDate "2011.01.25"]
[EventType "swiss"]

1. d4 f5 2. c4 Nf6 3. Nc3 e6 4. Nf3 Be7 5. g3 O-O 6. Bg2 d6 7. O-O a5 8. Re1 Ne4
9. Bd2 Bf6 10. Qc2 Nxd2 11. Qxd2 Nc6 12. e4 e5 13. dxe5 dxe5 14. Qxd8 Rxd8 15.
Nd5 fxe4 16. Nd2 Bf5 17. Nxe4 Nd4 18. Nexf6+ gxf6 19. Nxc7 Rac8 20. Nd5 Kg7 21.
f4 Rxc4 22. fxe5 fxe5 23. Rxe5 b5 24. Ne3 Nc2 25. Nxc4 Nxa1 26. Ne3 Bd3 27. Rc5
Bc4 28. b3 Bd3 29. g4 Ra8 30. Kf2 a4 31. bxa4 bxa4 32. Rc3 Bb1 33. Bd5 Rb8 34.
Kg3 Rb2 35. Ra3 Nc2 36. Nf5+ Kf6 37. Rxa4 Nb4 38. Bg8 h5 39. Ne3 Bxa2 40. Bxa2
Nxa2 41. Ra6+ Kf7 42. g5 Rb3 43. g6+ Kg7 44. Kf4 Nc3 45. Nf5+ 1-0